00649nam a2200193Ia 4500008004100000020001800041082001500059100003800074245003600112250000800148260005000156300002300206500001900229600003300248650001600281942000700297952013400304999001700438240925s9999 xx 000 0 und d a9788174733078 a515.15 VER aVerma, Kanti Kumar; Kumar, Deepak 4aThe Elements of Vector Calculus a2nd aUttar Pradesh:bPearson Education Incc,2015. a266p.b0fOriginal aIncludes Index aHumanities & Natural Science aMathematics cBK 001040708HUMaUITUbUITUd2019-01-19eAllied Book Companyg1029.60l0o515.15 VERpQ13622r2024-09-25 07:16:55w2024-09-25yBK c16121d16121